Music Quiz

Random Music or Song Quiz
Score 0/9 Timer 04:00
0 Plays Today
% Correct
'Single Ladies (Put a Ring on It)'
77.3%
'Crazy in Love'
75.3%
'Say My Name'
69%
'Irreplaceable'
63%
'Independent Women Part 1'
57.2%
'Bootylicious'
55.3%
'Bills, Bills, Bills'
48%
'Baby Boy'
45.8%
'Check on It'
41.6%

You're not logged in!

Compare scores with friends on all Sporcle quizzes.
OR
Log In

Sporcle TV

Today on Sporcle TV


Watch our educational content, quiz creation guides, and fun videos on Sporcle TV.

Show Comments

Extras

Top Quizzes Today


Score Distribution

Paid Content

Your Account Isn't Verified!

In order to create a playlist on Sporcle, you need to verify the email address you used during registration. Go to your Sporcle Settings to finish the process.

Report this User

Report this user for behavior that violates our Community Guidelines.

Details: